000 00830nam a2200313Ia 4500
003 OSt
005 20220912151113.0
006 a|||||r|||| 00| 0
007 ta
008 220909b |||||||| |||| 00| 0 eng d
020 _a8178081261 (pbk)
024 _a9906
037 _bBiotek,
037 _cTextual
040 _aCSL
_beng
_cCSL
041 _aeng
082 _aD65,8(B)92C++, P0
100 _aStroustrup Bjarne
245 0 _aC++ programming language
250 _a3
260 _aDelhi
_bPearson Education Asia
_c2000
300 _ax, 1019p
500 _aAppendix A-E, 791-968p; Index 969-1019p
650 _a C++ programming
650 _a Language
650 _aComputer science
942 _hD65,8(B)92C++, P0
_cTEXL
_2CC
999 _c61317
_d61317